000 02648nam0a2200397 4500
001 RU\NLR\BIBL_A\012432285
005 20210125150256.0
010 _a978-5-88999-657-6
_950
021 _aRU
_bКН-П-20-054502
_9КН-П-20-4066
035 _a(NLR Aleph) 012432285
035 _a(RuMoRGB)010421815
090 _a11882670
_c11882670
100 _a20210114d2020 u y0rusy50 ca
101 0 _arus
102 _aRU
105 _aa|||z|||000zy
181 0 _ai
_baxxe
182 0 _an
200 1 _aСимптомы урологических болезней. Методы обследования урологических больных
_eучебное пособие для студентов медицинских ВУЗов
_fФедеральное государственное бюджетное образовательное учреждение высшего образования "Первый Санкт-Петербургский государственный медицинский университет имени академика И. П. Павлова Министерства здравоохранения Российской Федерации", Кафедра урологии с курсом урологии с клиникой
_g[С. Ю. Боровец и др.]
203 _aТекст
_bвизуальный
_cнепосредственный
210 _aСанкт-Петербург
_cРИЦ ПСПбГМУ
_d2020
215 _a40 с.
_cил., табл.
_d21
320 _aБиблиогр.: с. 40 (5 назв.)
517 1 _aМетоды обследования урологических больных
606 1 _aМочеполовые органы
_jУчебные издания для высших учебных заведений
_xБолезни
_xДиагностика
_91301166
_3RU\NLR\AUTH\66538885
606 1 _aМочеполовые органы
_jУчебные издания для высших учебных заведений
_xБолезни
_xСимптомы
_92191508
_3RU\NLR\AUTH\661317359
686 1 _aР696-4я73
686 1 _aР696-32я73
702 1 _aБоровец
_bС. Ю.
_gСергей Юрьевич
_4220
712 0 2 _4570
_aСанкт-Петербургский государственный медицинский университет им. И. П. Павлова
_bКафедра урологии с курсом урологии с клиникой
_9516009
_3RU\NLR\AUTH\880425729
942 _cBOOK
980 _aNBR
980 _aNB